000 00553nam a2200217Ia 4500
003 OSt
005 20230504091445.0
008 210423s2004 xx 000 0 und d
020 _a81261852020
040 _cAL
041 _aeng
082 _a570.02 MODE
100 _aTEAM OF EXPERT
_997384
245 _aModern UGC net: life science.
260 _aNew Delhi
_bAnmol Publications
_c2004
300 _aix,458
_bPB
365 _b275
_cINR
650 _aLife Sciences
_997385
906 _alife ; Modern ; net: ; science. ; UGC
942 _2ddc
_cBK
999 _c163199
_d163199